000 00742nam a22002057a 4500
008 081223t xxu||||| |||| 00| 0 eng d
010 _aENG-92298
020 _c60.00
035 _aEN-75831
037 _bDBAD / PUB
040 _adpl
_bEnglish
082 _a133.53
245 _aThe influence of the navagrahas /
_ccompiled by S.K. Palanisami
260 _aCoimbatore
_bSri Lalitha Books
_c2002
300 _a155p.
_c20cm (pbk)
_bcol. photos
650 _aAstrology, Indic
700 _aPalanisami, S.K.
942 _2ddc
_cEN
_mINF
_h133.53
999 _c20212
_d20212